00700nam a22002057a 450000500170000001000130001702000220003003500130005203700080006508200290007310000210010224500500012326000570017327000460023030000250027650000190030194200250032099900190034595201300036420170210130805.0 aB-026086 a8120317203c295.0 aB-026086 bDPL 23rd edition:2000a004.67 aStanek,William R aIncrease Your Web Traffic/cWilliam R. Stanek aNew DelhibPrentice Hall Of India c3rd edition:2000 aM-97,Connaught CircusbNew Delhi e110001 aXXI,312p.c24 cm(HB) aIncludes Index 2ddccENh004.67mSTA c137518d137518 0010407-18NFICaZLSbZLSd2017-02-10eDPLg295.00l0o004.67 STApB-026086r2017-02-10 00:00:00t1v295.00w2017-02-10yEN